| 000 | 00860nam a2200217 4500 | ||
|---|---|---|---|
| 001 | 149141 | ||
| 003 | ES-MaACL | ||
| 005 | 20250730084014.0 | ||
| 007 | t| | ||
| 008 | 070214s1979 sp r ||||1| spa d | ||
| 111 | 2 |
_aSymposium Internacional de Traumatología ( _cMadrid ( _d1978) ( _n. 5º) _9187542 |
|
| 245 | 1 | 0 |
_aLesiones del tarso _b: astrágalo, escafoides y osteoporosis : fracturas del calcáneo / _cV Symposium Internacional de Traumatología ; bajo la dirección de P. Guillén García. |
| 260 |
_a[Madrid] : _bMAPFRE, _c[1979] ( _fCentral de Artes Gráficas) |
||
| 300 |
_aXIII, 544 p. ; _c21 cm. |
||
| 490 | 1 |
_aTemas de Medicina ; _v6 |
|
| 700 | 1 |
_aGuillén García, P. _9187543 |
|
| 710 | 2 |
_aFundación MAPFRE _94362 |
|
| 830 | 0 |
_aTemas de Medicina ; _v6 _9187026 |
|
| 852 |
_aES-MaACL _jA-10625 _bR.99824 |
||
| 999 |
_c149141 _d149141 |
||